Statistics for Which composer wrote these pieces

Click here to take the quiz!

General Stats

  • This quiz has been taken 23 times
    (13 since last reset)
  • The average score is 9 of 19

Answer Stats

CompositionComposer% Correct
Symphony No. 1Ludwig van Beethoven
100%
Symphony No. 1Wolfgang Amadeus Mozart
100%
Symphony No. 1Franz Liszt
64%
Symphony No. 1Johannes Brahms
55%
Symphony No. 1Felix Mendelssohn
45%
Symphony No. 1Pyotr Tchaikovsky
45%
Symphony No. 1Richard Wagner
45%
Symphony No. 1Sergei Prokofiev
45%
Symphony No. 1Béla Bartók
36%
Symphony No. 1Franz Schubert
36%
Symphony No. 1Gustav Mahler
36%
Symphony No. 1Hector Berlioz
36%
Symphony No. 1Jean Sibelius
36%
Symphony No. 1Sergei Rachmaninov
36%
Symphony No. 1Anton Bruckner
27%
Symphony No. 1Antonin Dvorak
27%
Symphony No. 1Edward Elgar
27%
Symphony No. 1Igor Stravinsky
27%
Symphony No. 1Ralph Vaughan Williams
27%

Score Distribution

Percentile by Number Answered

Percent of People with Each Score

Your Score History

You have not taken this quiz since the last reset